Fast typing mathematics - Statistics

General Stats
  • This quiz has been taken 196 times
  • The average score is 39 of 50
Answer Stats
Answer % Correct
2
99%
3
96%
5
95%
7
95%
11
93%
13
91%
17
90%
19
90%
23
89%
29
88%
31
88%
37
87%
41
86%
43
86%
47
85%
53
85%
59
84%
61
83%
67
83%
71
83%
73
83%
79
83%
83
83%
89
82%
97
82%
101
80%
103
79%
107
79%
109
77%
113
76%
127
73%
131
72%
137
71%
139
68%
149
68%
151
67%
157
67%
163
67%
167
67%
173
67%
179
67%
181
67%
191
66%
193
65%
197
65%
199
65%
211
64%
223
64%
227
63%
229
63%
No matching quizzes found
Score Distribution
Percent of People with Each Score
Percentile by Number Answered
Your Score History
You have not taken this quiz